[Event "Abidjan op"]
[Site "Abidjan"]
[Date "2015.06.26"]
[Round "1"]
[White "Osunfuyi, Abimbola"]
[Black "Assemien Koutou, Elvis Nicolas"]
[Result "1-0"]
[WhiteElo "2147"]
[BlackElo "1692"]
[PlyCount "65"]
[EventDate "2015.06.26"]
[EventType "swiss"]
[EventRounds "9"]
[EventCountry "IVO"]
[SourceTitle "EXT 2016"]
[Source "ChessBase"]
[SourceDate "2015.10.08"]
[SourceVersion "1"]
[SourceVersionDate "2015.10.08"]
[SourceQuality "1"]

1. e4 c5 2. Nf3 e6 3. d3 Nc6 4. Nbd2 Be7 5. g3 Nf6 6. Bg2 e5 7. 0-0 d6 8. Nc4 Bg4 9. Ne3 Be6 10. Ng5 Bd7 11. c3 h6 12. Nf3 Qc8 13. Nh4 Ng4 14. Nhf5 g6 15. Qxg4 gxf5 16. exf5 Qc7 17. Nd5 Qc8 18. Qg7 Rf8 19. f6 Be6 20. fxe7 Nxe7 21. Nf6+ Kd8 22. Qxf8+ Kc7 23. Qxe7+ Bd7 24. Nd5+ Kc6 25. b4 a6 26. a4 Be6 27. Nc7+ Kb6 28. Nxa8+ Qxa8 29. Qxd6+ Ka7 30. Qxc5+ Kb8 31. Qf8+ Ka7 32. Be3+ b6 33. Qxa8# 1-0